Kapitálové trhy včera a dnes
História vzniku kapitálových trhov, akciových spoločností a búrz. Vznik slovenského kapitálového trhu. Trh derivátov.
Saved in:
| Main Author: | |
|---|---|
| Other Authors: | |
| Format: | Book Chapter |
| Language: | Slovak |
| Subjects: | |
| Tags: |
No Tags, Be the first to tag this record!
|
MARC
| LEADER | 00000naa a2200000 4500 | ||
|---|---|---|---|
| 001 | r037952 | ||
| 005 | 20230911132637.7 | ||
| 041 | 0 | |a slo | |
| 044 | |a SK | ||
| 245 | 1 | 0 | |a Kapitálové trhy včera a dnes |c Erik Gottschall, Eva Krajmerová |
| 520 | |a História vzniku kapitálových trhov, akciových spoločností a búrz. Vznik slovenského kapitálového trhu. Trh derivátov. | ||
| 610 | 2 | 0 | |a trh kapitálový |
| 610 | 2 | 0 | |a história |
| 610 | 2 | 0 | |a burzy |
| 610 | 2 | 0 | |a spoločnosti akciové |
| 610 | 2 | 0 | |a burzy plodinové |
| 610 | 2 | 0 | |a burzy opčné |
| 610 | 2 | 0 | |a papiere cenné |
| 610 | 2 | 0 | |a deriváty |
| 100 | 1 | |a Gottschall, Erik | |
| 700 | 1 | |a Krajmerová, Eva | |